| 000 | 00681nam a2200217Ii 4500 | ||
|---|---|---|---|
| 003 | JO-AjNU | ||
| 008 | 230606s9999||||xx |||||||||||||| ||und|| | ||
| 020 | _a978-1-138-29761-6 | ||
| 040 |
_aJO-AjNU _beng _erda _cJO-AjNU |
||
| 041 | _aeng | ||
| 050 | 1 | 4 | _aPJ6148.5.P73.H87 2020 |
| 100 | 3 |
_aHusni, Ronak / Aziza Zaher, _eauthor _96184 |
|
| 245 | 0 | 0 | _aWorking With Arabic Prepositions: Structures and Functions |
| 250 | _a1ed | ||
| 264 | 3 | 1 | _aNew York and London:Routledge,2020 |
| 300 | _a228p | ||
| 336 |
_atext _btxt _2rdacontent |
||
| 337 |
_aunmediated _bn _2rdamedia |
||
| 338 |
_avolume _bnc _2rdacarrier |
||
| 650 | 4 |
_a Arabic Prepositions- Structures and Functions _96185 |
|
| 999 |
_aE3209 _c3205 _d3205 |
||